Légumes de A-Z - Statistiques

Statistiques générales
  • Ce quiz a été pris 997 fois
  • Le résultat moyen est 11 sur 23
Statistiques - réponses
Lettre Couleur Indice Légume % Correct
A . Réputé pour repousser les Vampires Ail
97%
C . Contrairement à ce qu'on l'en dit, il n'est pas si bon pour les lapins Carotte
94%
T . Est-ce un fruit ou un légume ? Plus important, pain au chocolat ou chocolatine ? Tomate
78%
E . Aliment préféré d'un marin célèbre Épinard
77%
N . Utilisé pour parler d'un mauvais film Navet
77%
R . Très bon avec du beurre Radis
73%
M . Une personne ayant pris "La grosse tête" le possède Melon
70%
H . Il abrite l'ennemi d'une princesse endormie Haricot
62%
S . Se dit d'un regroupement de mensonges Salade
61%
W . Il est surtout connu pour son gout proche de la moutarde forte Wasabi
60%
B . Souvent utiliser pour démontrer le dégout Brocoli
59%
V . Herbe souvent utilisée dans des infusions Verveine
57%
L . Souvent dégusté avec des saucisses Lentille
53%
F . Un Légume tout comme la récompense des rois Fève
52%
O . Il blesse même les plus résistants Oignon
44%
P . Une claque douce Patate Douce
40%
G . Ton djembe vient de Douala
Ton ? vient d'Ouganda
Ton boubou vient d'Tombouctou
Gingembre
23%
I . Un équivalent sucré de la pomme de terre Igname
23%
D . Aussi appelé "Radis Blanc" Daikon
7%
K . Une très bonne algue pouvant être utilisée dans des soupes ou des ramens Kombu
4%
U . Légume exclusivement japonais similaire au gingembre Udo
4%
Y . Le cousin de la pomme de terre Yacon
3%
J . La patate des diabétiques Jicama
1%
Aucun quiz correspondant
Distribution des résultats
% des personnes avec chaque résultat
Percentile par nombre de réponses
Votre historique - résultats
Vous n’avez pas pris ce quiz